Responses for show #6463 - Wednesday, October 24, 2012

Keith Whitener game 1.

Contestants

Deepa Zavatsky, an attorney from Princeton, New Jersey

Keith Whitener, a research chemist originally from Charlotte, North Carolina

Betsy Chisolm, a volunteer storyteller from Greeley, Colorado (whose 2-day cash winnings total $25,999)

Jeopardy! Round responses

THE RUM DIARIES
GREAT IDEAS
BEASTLY COLLECTIVES
TV THEME SONG HITS
(Alex: You have to identify the TV show.)
THE ELECTORAL COLLEGE
WHICH WORD IS MIZPELED?
    $200 21
(sugar)cane

Keith
    $200 1
restrooms

Betsy
    $200 13
toads

Deepa
    $200 3
The Beverly Hillbillies

Betsy
    $200 26
Ford

Betsy
    $200 8
(Betsy: What is embarrassed?)

category

BetsyDeepa
    $400 22
San Juan

Keith
    $400 2
Germany

Deepa
    $400 14
falcons

Deepa
    $400 4
Friends

Keith
    $400 9
occurrence

Keith
    $600 23
(Alex: [*] is right, with a minute to go.)

oak

Betsy
    $600 5
(Deepa: What is the toaster oven?)
(Betsy: What is the pop-up part of the toaster?)

the bread slicer

BetsyDeepa
Triple Stumper
    $600 15
a crash

Deepa
    $600 18
Cops

Deepa
    $600 10
accommodate

Deepa
    $800 24
a bat

Betsy
    $800 6
(Deepa: Who is Sherman?)
(Betsy: Who is Morgan?)

Rockefeller

BetsyKeithDeepa
    $800 16
a caravan

Deepa
    $800 19
Laverne & Shirley

Deepa
    $800 11
grammar

Keith
    $1000 25
Captain Morgan

Betsy
    $500 7
Intel

Keith
    $1000 17
[Applause for Deepa's run of the category]

a parliament

Deepa
    $1000 20
The Greatest American Hero

Betsy
    $1000 27
[The end-of-round signal sounds.]

Grover Cleveland

Keith
    $1000 12
lieutenant

Betsy

Scores at the first commercial break (after clue 12):

Betsy Keith Deepa
-$200 $2,900 -$200

Scores at the end of the Jeopardy! Round:

Betsy Keith Deepa
$3,400 $4,500 $4,200

Double Jeopardy! Round responses

THE FORMER EASTERN BLOC
COMMUNICATION
WHAT THE DICKENS!
THE 2012 OLYMPICS
THE GUNFIGHT AT...
THE "OK" CORRAL
(Alex: And each correct response in that category will begin with the letters "O-K".)
    $400 12
(Betsy: What is a space defense system?)

a missile defense system

BetsyKeith
    $400 18
a pigeon

Deepa
    $400 1
Ebenezer Scrooge

Keith
    $400 11
South Africa

Keith
    $400 2
okra

Betsy
    $800 13
Bucharest

Keith
    $800 19
a walkie-talkie

Keith
    $800 3
Oliver Twist

Betsy
    $800 17
(Ryan) Lochte

Betsy
    $800 7
(Deepa: What are the workers?)

the Okies

BetsyDeepa
    $1200 14
a wall

Betsy
    $1200 28
[The end-of-round signal sounds.]

shields

Betsy
    $2,000 4
A Tale of Two Cities

Betsy
    $1200 20
Gabby Douglas

Deepa
    $1200 25
El Paso

Betsy
    $1200 8
Oktoberfest

Betsy
    $2,000 15
(Betsy: What is Croatia?)

the Czech Republic

Betsy
    $1600 27
a fax machine

Deepa
    $1600 5
Great Expectations

Betsy
    $1600 21
Andy Murray

Keith
    $1600 24
Dodge City

Keith
    $1600 9
the okapi

Betsy
    $2000 16
Hungary

Keith
    $2000 26
pictographs

Keith
    $2000 6
(Keith: Uh... what is Bleak House?)
...
(Alex: [To Betsy] You got it again. You ran the category. Nicely done.)
[Applause, though she did not run the category]

The Old Curiosity Shop

BetsyKeith
    $2000 22
archery

Keith
    $2000 23
(Keith: What is the Oregon Trail?)
...
(Alex: That's the one, with a minute to go.)

the Santa Fe Trail

BetsyKeith
    $2000 10
the Okefenokee Swamp

Deepa

Scores at the end of the Double Jeopardy! Round:

Betsy Keith Deepa
$17,800 $12,500 $8,600

[wagering suggestions for these scores]

Final Jeopardy! Round responses

THE ELEMENTS
DeepaWhat is Plutonium Uranium?
$1,600
KeithWhat is Helium?
$12,500
BetsyWhat is plutonium?
$8,800
helium

Final scores:

Betsy Keith Deepa
$9,000 $25,000 $7,000
2nd place: $2,000 New champion: $25,000 3rd place: $1,000

Game dynamics:

Coryat scores:

Betsy Keith Deepa
$19,000 $13,000 $8,600
21 R
(including 1 DD),
5 W
(including 1 DD)
18 R
(including 1 DD),
2 W
14 R,
3 W

Combined Coryat: $40,600

The J! Archive is created by fans, for fans. The Jeopardy! game show and all elements thereof, including but not limited to copyright and trademark thereto, are the property of Jeopardy Productions, Inc. and are protected under law. This website is not affiliated with, sponsored by, or operated by Jeopardy Productions, Inc. Join the discussion at JBoard.tv.